|
|
|
|
| LEADER |
00000cab a2200000 a 4500 |
| 001 |
vtls000175015 |
| 003 |
SK-MaSNL |
| 005 |
20260304213352.0 |
| 008 |
111104|1983 xo | || || | 0| ukr |
| 015 |
|
|
|a SNBRB19rr/mm-uuuuu
|
| 035 |
|
|
|a CL0185127
|
| 040 |
|
|
|a SNKBUCL
|b slo
|c SNKBUCL
|e AACR2
|
| 041 |
1 |
|
|a ukr
|h slo
|
| 044 |
|
|
|a xo
|c SK
|
| 080 |
|
|
|a 885.4-1=83
|2 1981
|
| 100 |
1 |
|
|a Plávka, Andrej,
|d 1907-1982
|4 aut
|9 184132
|
| 245 |
1 |
0 |
|a Na Dukli tycho
|c Andrej Plávka ; pereklav Viľ Hrymyč
|
| 655 |
|
7 |
|a články z novín a časopisov
|2 snkbucl
|9 267496
|
| 655 |
|
7 |
|a články z odboru literárna veda a krásna literatúra
|2 snkbucl
|9 770045
|
| 655 |
|
7 |
|a slovenská poézia
|2 snkbucl
|9 70444
|
| 700 |
1 |
|
|a Hrymyč, Viľ
|4 trl
|9 1546244
|
| 773 |
0 |
|
|t Družno vpered
|g Roč. 33, č. 10 (1983), s. /ob. 2/
|
| 850 |
|
|
|a Slovenská národná knižnica
|
| 852 |
|
|
|a Slovenská národná knižnica
|
| 958 |
|
|
|a RK
|
| 958 |
|
|
|a LX
|
| 992 |
|
|
|a RBX
|
| 999 |
|
|
|c 3135607
|d 3137537
|